| 000 | 01126nam a2200301Ia 4500 | ||
|---|---|---|---|
| 001 | Para_5758 | ||
| 003 | CHAP | ||
| 008 | 220125s1983 xx 000 0 und d | ||
| 010 | _a204253 | ||
| 040 | _cCHAP | ||
| 090 | _aPA TESIS 89 | ||
| 100 |
_aDíaz Victoria, Luis Teodoro _933668 |
||
| 245 |
_aEvaluación de la resistencia genética de variedades y líneas de frijol (Phaseolus vularis L.) a la antracnosis (Colletotrichum lindemuthianum (Scc y Magn) Scrib. en la Mesa Central / _c por Luis Teodoro Díaz Victoria |
||
| 260 |
_aChapingo, Méx. : _b el autor |
||
| 300 | _a52 h. | ||
| 502 | _aTesis (Ing. Agr. Esp. en Parasitología Agrícola) -- UACh. Departamento Parasitología Agrícola | ||
| 650 |
_aAntracnosis del frijol _96119 |
||
| 650 |
_aFrijol _x enfermedades _943367 |
||
| 650 |
_aFrijol _x variedades resistentes a enfermedades _943447 |
||
| 710 |
_aUACh. Departamento Parasitología Agrícola _9164025 |
||
| 901 | _aPA TESIS 89 | ||
| 902 | _aA | ||
| 905 | _a0000001983 i 0000000000 00 | ||
| 910 | _a1983 | ||
| 942 | _cPARA | ||
| 942 |
_cPARA _d1 |
||
| 999 |
_c204253 _d204253 |
||